书目信息 |
| 题名: |
康熙大帝
|
|
| 作者: | 二月河 文 ;梅逢春 画 | |
| 分册: | ||
| 出版信息: | 北京 西苑出版社 2000.06 |
|
| 页数: | 216页 | |
| 开本: | 21cm | |
| 丛书名: | 中国当代名人语画书系 | |
| 单 册: | ||
| 中图分类: | I247.53 , J228.2 | |
| 科图分类: | ||
| 主题词: | 历史小说--中国--现代 , 中篇小说--中国--现代 , 漫画--中国--现代--画册 , CT--S046662--历史小说 , CT--S096485--中篇小说 , CT--S051163--漫画 | |
| 电子资源: | ||
| ISBN: | 7-80108-387-3 | |
| 000 | 01142oam2 2200361 45 | |
| 001 | 012001015727 | |
| 005 | 20061008150149.24 | |
| 010 | @a7-80108-387-3@dCNY18.00 | |
| 035 | @a(011001)c2001019672 | |
| 092 | @aCN@b149436 | |
| 100 | @a20010322d2000 em y0chiy0110 ea | |
| 101 | 0 | @achi |
| 102 | @aCN@b110000 | |
| 105 | @aa zt 000ab | |
| 200 | 1 | @a康熙大帝@Akang xi da di@f二月河文@Fer yue he wen@g梅逢春画@Gmei feng chun hua |
| 210 | @a北京@c西苑出版社@d2000.06 | |
| 215 | @a216页@c图@d21cm | |
| 225 | 2 | @a中国当代名人语画书系 |
| 330 | @a本书描写了康熙八岁继位,在极其险恶的政治环境里与辅政大臣鳌拜集团的篡位阴谋作斗争的故事,并且配有生动的漫画。 | |
| 461 | 0 | @12001 @a中国当代名人语画书系 |
| 606 | 0 | @a历史小说@y中国@z现代 |
| 606 | 0 | @a中篇小说@y中国@z现代 |
| 606 | 0 | @a漫画@y中国@z现代@j画册 |
| 606 | 0 | @2CT@3S046662@a历史小说 |
| 606 | 0 | @2CT@3S096485@a中篇小说 |
| 606 | 0 | @2CT@3S051163@a漫画 |
| 690 | @aI247.53@v4 | |
| 690 | @aJ228.2@v4 | |
| 701 | 0 | @a二月河@Aer yue he@4文 |
| 702 | 0 | @a梅逢春@Amei feng chun@4画 |
| 801 | 0 | @aCN@bNLC@c20061008 |
| 905 | @aBZT@dI247.53@e77 | |
| 906 | @dCNY18.00@n0@r1 | |
| 康熙大帝/二月河文/梅逢春画.-北京:西苑出版社,2000.06 |
| 216页:图;21cm.-(中国当代名人语画书系) |
| ISBN 7-80108-387-3:CNY18.00 |
| 本书描写了康熙八岁继位,在极其险恶的政治环境里与辅政大臣鳌拜集团的篡位阴谋作斗争的故事,并且配有生动的漫画。 |
| ● |
| 相关链接 |
|
|
|
正题名:康熙大帝
索取号:I247.53/77
 
预约/预借
| 序号 | 登录号 | 条形码 | 馆藏地/架位号 | 状态 | 备注 |
| 1 | 457843 | 230014525 | 中心书库中库/打包BH0902/ [索取号:I247.53/77] | 在馆 | |
| 2 | 457844 | 230014524 | 中心书库中库/打包BH0902/ [索取号:I247.53/77] | 在馆 | |
| 3 | 457845 | 230014523 | 中心书库中库/打包BH0902/ [索取号:I247.53/77] | 在馆 | |
| 4 | 457846 | 230014522 | 中心书库中库/打包BH0902/ [索取号:I247.53/77] | 在馆 | |
| 5 | 457847 | 230014521 | 中心书库中库/打包BH0902/ [索取号:I247.53/77] | 在馆 | |
| 6 | 487434 | 230030752 | 中心书库中库/打包BH0902/ [索取号:I247.53/77] | 在馆 | |
| 7 | 487435 | 230030751 | 中心书库中库/打包BH0902/ [索取号:I247.53/77] | 在馆 | |
| 8 | 487436 | 230030750 | 中心书库中库/打包BH0902/ [索取号:I247.53/77] | 在馆 | |
| 9 | 487437 | 230030749 | 中心书库中库/打包BH0902/ [索取号:I247.53/77] | 在馆 | |
| 10 | 487438 | 230030748 | 中心书库中库/打包BH0902/ [索取号:I247.53/77] | 在馆 |